| 000 | 005840000a22001810004500 | ||
|---|---|---|---|
| 003 | MACL | ||
| 005 | 20160601130021.0 | ||
| 008 | 160601b xxu||||| |||| 00| 0 eng d | ||
| 040 |
_aMACL _cMACL |
||
| 041 | _aHindi | ||
| 082 | _a910 DHA | ||
| 100 |
_aधस्माना, मंगतराम _961186 |
||
| 245 |
_aभारत में पर्यटन _cमंगतराम धस्माना |
||
| 260 |
_bअनुराग प्रकाशन _c2007 _aनई दिल्ली |
||
| 350 | _a2007 | ||
| 650 |
_aTravel _961242 |
||
| 942 |
_cHIN _k910 _2ddc |
||
| 999 |
_c11167 _d11167 |
||